000 00445nam a22001697a 4500
003 MPLRDC
005 20220104143136.0
008 210129b ||||| |||| 00| 0 eng d
082 _a857.41 ZGGD c.2
100 _a不详
245 _a武王伐纣平话: 吕望兴周
_c
250 _a一版一刷
260 _a
_b中国古典文学出版社
_c1955
300 _b
650 _a话本小说及章回--评话
942 _cBK
_o857.41 ZGGD c.2
999 _c37037
_d37027